[Event "Cote d'Ivoire Rapid 2019"]
[Site "Abidjan CIV"]
[Date "2019.05.10"]
[Round "7.1"]
[White "Amin, Bassem"]
[Black "Carlsen, Magnus"]
[Result "0-1"]
[WhiteTitle "GM"]
[BlackTitle "GM"]
[WhiteElo "2704"]
[BlackElo "2861"]
[WhiteFideId "10601457"]
[BlackFideId "1503014"]
[EventDate "2019.05.08"]

1. e4 c5 2. Nf3 Nc6 3. Bb5 g6 4. Bxc6 dxc6 5. d3 Bg7 6. h3 e5 7. Be3 b6 8. a3 f5
9. b4 cxb4 10. axb4 Nh6 11. Na3 Nf7 12. Qc1 O-O 13. Ng5 Nd6 14. Bd2 h6 15. Nf3
fxe4 16. dxe4 Kh7 17. Be3 Nxe4 18. Nc4 Be6 19. Ncxe5 Qd6 20. Nd3 Bc3+ 21. Ke2
Bxa1 22. Qxa1 a5 23. Qe5 Qxe5 24. Nfxe5 axb4 25. Nxc6 b3 26. Rc1 Bc4 27. Bd4
Rae8 28. Ne5 Nxf2 29. Kd2 Ne4+ 30. Ke3 Nc5 31. Kd2 Bxd3 32. cxd3 b2 0-1